1980s McDonald's All-American Boys Rosters - Statistics

General Stats
  • This quiz has been taken 8 times
  • The average score is 78 of 248
Answer Stats
Year Player College Current Team / Status % Correct
1982 Buck Johnson Alabama Retired
100%
1987 Larry Johnson UNLV Retired
100%
1981 Michael Jordan North Carolina Charlotte Hornets - (Owner)
100%
1989 Shaquille O'Neal LSU Retired
100%
1982 Brad Daugherty North Carolina Retired
88%
1984 Charles Smith Pittsburgh Retired
88%
1988 Chris Jackson LSU Retired
88%
1984 Craig Jackson Louisiana Tech Retired
88%
1988 Eric Anderson Indiana Retired
88%
1989 James Robinson Alabama Vegas Ballers - (Head Coach)
88%
1989 Jim Jackson Ohio State Retired
88%
1986 Keith Robinson Notre Dame Retired
88%
1989 Kenny Anderson Georgia Tech Fisk Bulldogs - (Head Coach)
88%
1983 Kenny Smith North Carolina Retired
88%
1983 Kevin Smith Minnesota Retired
88%
1987 LaBradford Smith Louisville Retired
88%
1983 Michael Smith BYU Retired
88%
1986 Nick Anderson Illinois Retired
88%
1981 Patrick Ewing Georgetown Retired
88%
1980 Ralph Jackson UCLA Retired
88%
1986 Rumeal Robinson Michigan Retired
88%
1988 Alonzo Mourning Georgetown Miami Heat - (Vice President of Player Programs & Development)
75%
1987 Bison Dele Maryland / Arizona Missing & Declared Dead
75%
1988 Christian Laettner Duke Retired
75%
1983 Daryl Thomas Indiana Retired
75%
1989 Deon Thomas Illinois Retired
75%
1985 Irving Thomas Kentucky / Florida State Retired
75%
1984 John Williams LSU Retired
75%
1988 Kenny Williams Barton CC Retired
75%
1987 King Rice North Carolina Monmouth Hawks - (Head Coach)
75%
1988 Litterial Green Georgia Retired
75%
1983 Reggie Williams Georgetown Retired
75%
1986 Scott Williams North Carolina Retired
75%
1982 Billy Thompson Louisville Retired
63%
1989 Bobby Hurley Duke Arizona State Sun Devils - (Head Coach)
63%
1981 Chris Mullin St. John's Retired
63%
1985 Danny Ferry Duke Retired
63%
1984 Danny Manning Kansas Louisville Cardinals - (Associate Head Coach)
63%
1984 David Rivers Notre Dame Retired
63%
1980 Derek Harper Illinois Retired
63%
1986 Derrick Coleman Syracuse Retired
63%
1980 Doc Rivers Marquette Retired
63%
1986 Dwayne Bryant Georgetown Bishop Ireton High School Cardinals - (Athletic Director)
63%
1984 John Thompson NC State / VCU Retired
63%
1984 Michael Brown Syracuse / Clemson Retired
63%
1987 Perry Carter Ohio State Retired
63%
1988 Raymond Thompson Iowa Retired
63%
1980 Sam Perkins North Carolina Retired
63%
1986 Stephen Thompson Syracuse Oregon State Beavers - (Assistant Athletic Director)
63%
1982 Wayman Tisdale Oklahoma Retired
63%
1989 Anthony Douglas Memphis Retired
50%
1981 Anthony Jones Georgetown / UNLV Retired
50%
1982 Bruce Douglas Illinois Retired
50%
1987 David White Florida State Retired
50%
1982 Dell Curry Virginia Tech Retired
50%
1987 Dennis Scott Georgia Tech Retired
50%
1984 Derrick Lewis Maryland Retired
50%
1980 Earl Jones District of Columbia Retired
50%
1984 Gary Grant Michigan Retired
50%
1982 Johnny Dawkins Duke UCF Knights - (Head Coach)
50%
1985 Kip Jones Purdue Retired
50%
1988 LaPhonso Ellis Notre Dame Retired
50%
1985 Michael Porter Virginia Retired
50%
1985 Pervis Ellison Louisville Retired
50%
1986 Ricky Jones Clemson Retired
50%
1984 Shelton Jones St. John's Retired
50%
1988 Stanley Roberts LSU Retired
50%
1983 Tom Curry Marshall Retired
50%
1985 Tom Lewis USC / Pepperdine Retired
50%
1987 Treg Lee Ohio State Retired
50%
1984 Troy Lewis Purdue Retired
50%
1987 Bobby Martin Pittsburgh Retired
38%
1987 Chris Corchiani NC State Retired
38%
1988 Darrick Martin UCLA Retired
38%
1983 Dwayne Washington Syracuse Retired
38%
1982 Kenny Walker Kentucky Retired
38%
1983 Melvin Howard Georgia / Georgia State Retired
38%
1985 Pooh Richardson UCLA College of the Desert Roadrunners - (Assistant Coach)
38%
1987 Rodney Monroe NC State Retired
38%
1985 Rodney Walker Syracuse / Maryland Retired
38%
1985 Sean Elliott Arizona Retired
38%
1980 Barry Spencer Notre Dame Retired
25%
1981 Bill Wennington St. John's Retired
25%
1982 Brad Lohaus Iowa Retired
25%
1981 Buzz Peterson North Carolina Charlotte Hornets - (Assistant General Manager)
25%
1984 Chris Washburn NC State Retired
25%
1984 Craig McMillan Arizona Santa Rosa JC Bear Cubs - (Head Coach)
25%
1982 Curtis Hunter North Carolina Retired
25%
1988 Don MacLean UCLA Retired
25%
1989 Doug Edwards Florida State Retired
25%
1981 Ed Pinckney Villanova Retired
25%
1987 Elliot Perry Memphis Retired
25%
1987 Elmore Spencer Georgia / Connors State / UNLV Retired
25%
1981 Eric Turner Michigan Retired
25%
1986 Fess Irvin LSU / James Madison Retired
25%
1983 Frank Ford Auburn Deceased
25%
1989 Greg Graham Indiana Retired
25%
1982 Harold Pressley Villanova Retired
25%
1983 James Blackmon Sr. Kentucky Marion High School Giants - (Head Coach)
25%
1987 Jay Edwards Indiana Retired
25%
1987 Jerome Harmon Louisville Retired
25%
1980 Jim Petersen Minnesota Retired
25%
1980 Joe Kleine Notre Dame / Arkansas Retired
25%
1983 Joe Wolf North Carolina Retired
25%
1986 J.R. Reid North Carolina Retired
25%
1988 Lee Mayberry Arkansas Retired
25%
1981 Manuel Forrest Louisville Retired
25%
1987 Mark Macon Temple Temple Owls - (Assistant to the Head Coach)
25%
1989 Pat Graham Indiana Retired
25%
1986 Phil Henderson Duke Deceased
25%
1986 Rex Chapman Kentucky Retired
25%
1983 Rickie Winslow Houston Retired
25%
1981 Sam Vincent Michigan State Retired
25%
1988 Shawn Kemp N/A Retired
25%
1985 Tito Horford Miami Retired
25%
1988 Todd Day Arkansas Philander Smith Panthers - (Head Coach)
25%
1983 Tommy Amaker Duke Harvard Crimson - (Head Coach)
25%
1981 Adrian Branch Maryland Retired
13%
1986 Alaa Abdelnaby Duke Retired
13%
1989 Allan Houston Tennessee Westchester Knicks - (General Manager)
13%
1984 Al Lorenzen Iowa Retired
13%
1984 Andrew Lang Arkansas Retired
13%
1988 Anthony Peeler Missouri Retired
13%
1986 Anthony Pendleton USC Retired
13%
1987 Anthony Tucker Georgetown / Wake Forest Retired
13%
1983 Antoine Joubert Michigan Oakland CC Raiders - (Head Coach)
13%
1989 Arron Bain Villanova Retired
13%
1981 Aubrey Sherrod Wichita State Retired
13%
1986 Barry Bekkedam Villanova Convicted Criminally
13%
1983 Barry Sumpter Louisville / Austin Peay Retired
13%
1982 Benoit Benjamin Creighton Retired
13%
1987 Bill Heppner DePaul Retired
13%
1989 Billy McCaffrey Duke / Vanderbilt Retired
13%
1988 Billy Owens Syracuse Retired
13%
1981 Bobby Lee Hurt Alabama Retired
13%
1980 Bret Bearup Kentucky Deceased
13%
1986 Brian Oliver Georgia Tech Retired
13%
1987 Brian Shorter Pittsburgh Retired
13%
1983 Bruce Dalrymple Georgia Tech Retired
13%
1989 Calvin Byrd Villanova Retired
13%
1980 Charlie Sitton Oregon State Retired
13%
1986 Chris Brooks West Virginia Deceased
13%
1988 Chris Mills Kentucky / Arizona Retired
13%
1984 Chris Sandle Arizona State / UTEP Deceased
13%
1980 Clarke Bynum Clemson Deceased
13%
1989 Conrad McRae Syracuse Deceased
13%
1983 Corey Gaines UCLA / Loyola Marymount Retired
13%
1988 Crawford Palmer Duke / Dartmouth Retired
13%
1983 Dallas Comegys DePaul Retired
13%
1989 Darryl Barnes Georgia Tech Retired
13%
1983 Dave Popson North Carolina Retired
13%
1984 Delray Brooks Indiana / Providence Clay High School Colonials - (Head Coach)
13%
1984 Derrick Chievous Missouri Retired
13%
1989 Deryl Cunningham DePaul / Kansas State Highland High School Bulldogs - (Head Coach)
13%
1982 Donald Hartry Georgia Retired
13%
1988 Donald Hodge Temple Retired
13%
1985 Doug Roth Tennessee Retired
13%
1984 Duane Ferrell Georgia Tech Retired
13%
1981 Dwayne Polee UNLV / Pepperdine San Francisco Dons - (Director of Player Development)
13%
1986 Dwayne Schintzius Florida Deceased
13%
1984 Ed Davender Kentucky Deceased
13%
1985 Ed Horton Iowa Retired
13%
1982 Efrem Winters Illinois Retired
13%
1982 Eldridge Hudson UNLV Retired
13%
1981 Ennis Whatley Alabama Retired
13%
1987 Eric Manuel Kentucky / Hiwassee College / Oklahoma City Retired
13%
1982 Ernie Myers NC State Retired
13%
1981 Eugene McDowell Florida Retired
13%
1983 Freddie Banks UNLV Retired
13%
1980 Gary Springer Iona Retired
13%
1989 George Lynch North Carolina Retired
13%
1980 Glenn Mayers Wake Forest Deceased
13%
1981 Greg Dreiling Wichita State / Kansas Retired
13%
1987 Greg Koubek Duke Retired
13%
1989 Jamal Faulkner Arizona State / Alabama Retired
13%
1980 James Banks Georgia Retired
13%
1981 Jeff Adkins Maryland Retired
13%
1985 Jeff Lebo North Carolina North Carolina Tar Heels - (Assistant Coach)
13%
1989 Jeff Webster Oklahoma Retired
13%
1985 Jerome Lane Pittsburgh Retired
13%
1988 Jerrod Mustaf Maryland Retired
13%
1980 Jim Master Kentucky Retired
13%
1987 John Crotty Virginia Retired
13%
1981 John Flowers Indiana / UNLV Retired
13%
1983 Keith Gatlin Maryland High Point Panthers - (Assistant Coach)
13%
1982 Ken Barlow Notre Dame Retired
13%
1980 Kenny Fields UCLA Retired
13%
1982 Kerry Boagni Kansas / Cal State Fullerton Retired
13%
1982 Kerry Trotter Marquette Retired
13%
1985 Kevin Madden North Carolina Retired
13%
1984 Kevin Walls Louisville Retired
13%
1986 Larry Rembert UAB Deceased
13%
1980 Lonnie McFarlan Saint Joseph's Retired
13%
1985 Lowell Hamilton Illinois Retired
13%
1988 Malik Sealy St. John's Deceased
13%
1987 Marcus Liberty Illinois Retired
13%
1981 Mark Acres Oral Roberts Retired
13%
1983 Mark Cline Wake Forest Marshall Thundering Herd - (Assistant Coach)
13%
1986 Mark Randall Kansas Retired
13%
1985 Mark Stevenson Notre Dame / Duquesne Retired
13%
1986 Mark Tillmon Georgetown Retired
13%
1983 Martin Nessley Duke Retired
13%
1984 Matt Beeuwsaert Notre Dame / California Retired
13%
1980 Matt Doherty North Carolina Retired
13%
1988 Matt Steigenga Michigan State Retired
13%
1989 Matt Wenstrom North Carolina Retired
13%
1981 Michael Payne Iowa Retired
13%
1989 Michael Venson Georgetown / James Madison Retired
13%
1987 Mike Maddox Kansas Retired
13%
1988 Milton Bell Georgetown Retired
13%
1981 Milt Wagner Louisville Retired
13%
1989 Mitchell Butler UCLA Retired
13%
1982 Montel Hatcher UCLA Retired
13%
1981 Nigel Miguel UCLA Retired
13%
1986 Pete Chilcutt North Carolina Retired
13%
1980 Pete Holbert Maryland Retired
13%
1985 Quin Snyder Duke Atlanta Hawks - (Head Coach)
13%
1984 Richard Madison Kentucky Retired
13%
1982 Richard Rellford Michigan Retired
13%
1985 Rick Calloway Indiana / Kansas Retired
13%
1980 Ricky Norton Arkansas Deceased
13%
1988 Robert Werdann St. John's Retired
13%
1982 Roger Harden Kentucky Retired
13%
1984 Roger McClendon Cincinnati Retired
13%
1986 Ron Huery Arkansas Deceased
13%
1985 Roy Marble Iowa Retired
13%
1980 Russell Cross Purdue Retired
13%
1987 Sean Higgins Michigan Retired
13%
1989 Shaun Golden Georgia Retired
13%
1988 Stacey Poole Providence Retired
13%
1985 Steve Bucknall North Carolina Retired
13%
1986 Steve Hood Maryland / James Madison Retired
13%
1982 Steve Woodside Oregon State Retired
13%
1981 Stuart Gray UCLA Retired
13%
1985 Terry Dozier South Carolina Retired
13%
1986 Terry Mills Michigan Retired
13%
1982 Tim Kempton Notre Dame Retired
13%
1980 Tim McCormick Michigan Retired
13%
1985 Tom Hammonds Georgia Tech Retired
13%
1983 Tom Sheehey Virginia Retired
13%
1980 Tom Sluby Notre Dame Retired
13%
1985 Tony Kimbro Louisville Retired
13%
1989 Tracy Murray UCLA Retired
13%
1980 Vern Fleming Georgia Retired
13%
1985 Walker Lambiotte NC State / Northwestern Retired
13%
1981 Walter Downing DePaul / Minnesota Retired
13%
1982 Willie Cutts Arkansas / Arkansas State Retired
13%
1983 Winston Bennett Kentucky Retired
13%
No matching quizzes found
Score Distribution
Percent of People with Each Score
Percentile by Number Answered
Your Score History
You have not taken this quiz